La extrema derecha en América Latina /

Diversos artículos sobre las nuevas extremas derechas que están imperando en la región latinoamericana, con el fin de comprender cómo se distinguen de previas estructuras fascistas, cómo son sus estrategias políticas de acumulación y consolidación, y qué hacer frente a ellas. Se presentan, de manera...

Descrizione completa

Salvato in:
Dettagli Bibliografici
Autore principale: Muñoz, Creusa (compilación)
Altri autori: Feierstein, Daniel (prólogo) (prólogo)
Natura: Libro
Lingua:spagnolo
Pubblicazione: Buenos Aires, Argentina : Clave Intelectual, 2023, c2023
Serie:(Le Monde Diplomatique ; 79)
Soggetti:
Tags: Aggiungi Tag
Nessun Tag, puoi essere il primo ad aggiungerne!!

MARC

LEADER 00000nam^a2200000^a^4500
001 000591858
005 20250521000000.0
009 20260310132936.723
020 |a 978-987-614-668-5 
037 |a Acervo ITESO - Biblioteca 
041 |a ESP 
082 |a 320. 98004  |b MUÑ 
100 |a Muñoz, Creusa  |e (compilación) 
245 1 3 |a La extrema derecha en América Latina /  |c Comp. de C. Muñoz ; pról. de D. Feierstein. 
264 4 |a Buenos Aires, Argentina :  |b Clave Intelectual,  |c 2023, c2023 
300 |a 229 p. 
336 |a texto  |b txt  |2 rdacontenido 
337 |a sin mediación  |b n  |2 rdamedio 
338 |a volumen  |b nc  |2 rdasoporte 
440 4 |a (Le Monde Diplomatique ;  |v 79) 
520 |a Diversos artículos sobre las nuevas extremas derechas que están imperando en la región latinoamericana, con el fin de comprender cómo se distinguen de previas estructuras fascistas, cómo son sus estrategias políticas de acumulación y consolidación, y qué hacer frente a ellas. Se presentan, de manera más específica, las experiencias en países como Argentina, Brasil, Chile, Perú, El Salvador y Guatemala. 
521 |a FIL 2024 DIA 
649 |a XX 
650 |a Extrema Derecha -  |z Guatemala -  |x Historia -  |y Siglo XXI 
650 |a Extrema Derecha -  |z El Salvador -  |x Historia -  |y Siglo XXI 
650 |a Extrema Derecha -  |z Argentina -  |x Historia -  |y Siglo XXI 
650 |a Extrema Derecha -  |z Brasil -  |x Historia -  |y Siglo XXI 
650 |a Extrema Derecha -  |z Chile -  |x Historia -  |y Siglo XXI 
650 |a Extrema Derecha -  |z Perú -  |x Historia -  |y Siglo XXI 
650 |a Extrema Derecha -  |z Latinoamérica -  |x Tema Principal 
650 |a Derecha, La -  |z Latinoamérica 
650 |a Individualismo 
650 |a Igualdad y Desigualdad -  |z Latinoamérica 
650 |a Patriarcado -  |z Latinoamérica 
650 |a Fascismo -  |z Latinoamérica 
650 |a Capitalismo -  |z Latinoamérica 
650 |a Política -  |z Guatemala -  |x Historia -  |y Siglo XXI 
650 |a Política -  |z El Salvador -  |x Historia -  |y Siglo XXI 
650 |a Política -  |z Argentina -  |x Historia -  |y Siglo XXI 
650 |a Política -  |z Brasil -  |x Historia -  |y Siglo XXI 
650 |a Política -  |z Chile -  |x Historia -  |y Siglo XXI 
650 |a Política -  |z Perú -  |x Historia -  |y Siglo XXI 
650 |a Política -  |z Latinoamérica -  |x Historia -  |y Siglo XXI -  |x Tema Principal 
700 |a Feierstein, Daniel  |e (prólogo) 
910 |a Fondo General 
920 |a Impresos - Libros 
930 |a Colección General 
905 |a 101 
901 |a 592330-10  |b IT1  |c ACC  |i C187711  |u 20250521 
902 |a https://opac.biblio.iteso.mx/vufind/Record/000591858